| 000 | 00720nam a2200205 a 4500 | ||
|---|---|---|---|
| 001 | 000893680 | ||
| 003 | AM-YeHGA | ||
| 005 | 20250617145432.0 | ||
| 008 | 120523s1976 ru r 000 0 rus d | ||
| 040 | _aAM-YeHGA | ||
| 041 | 1 |
_arus _hscr |
|
| 100 | 1 | _aФраничевич-Плочар, Юре | |
| 245 | 1 | 0 |
_aМир : _bРоман / _cЮ. Роман; Пер. с хорват. Н. Новиковой. |
| 260 |
_aМосква : _bПрогресс, _c1976. |
||
| 300 |
_a166 стр. : _bилл. ; _c20 см. |
||
| 650 | 1 | 4 |
_aИностранная литература _xРоман |
| 650 | 1 | 4 |
_aХорватская литература _xРоман |
| 700 | 1 |
_aНовикова, Н. _eпер. _4trl |
|
| 090 | _c313625 | ||
| 999 |
_c311907 _d311907 |
||